LDR 01163nam a2200289 i 4500 001 000000058561 003 CaOOAMICUS 005 20260313143037.0 008 140820s1997 it u000 u ita u 013 $a29733 020 $a88-263-1157-9 040 $aSeMil$bita 240 10$aEcclesiastes o Qohélet.$0(OLS)http://semarc/title/91313 245 10$aQoèlet /$ctraduzione e commento di José Vilchez Lindez. 260 $aRoma :$bBorla,$c1997. 300 $a531 p. ;$c25 cm. 490 0 $aCommenti biblici [Borla] 650 4$aBibbia. Antico Testamento. Qohelet - Commentari, studi, critica, interpretazioni.$0(OLS)http://semarc/subject/6967 700 1 $aVilchez Líndez, José,$c
.$0(OLS)http://semarc/name/18645 830 0$aCommenti biblici
.$0(OLS)http://semarc/title/458541 850 $aSeMil 852 $aSeMil$W1$xVenegono$y1$m2YA Y 7$j268400$B24714$CSeMilBibl$Z2$F24717 $81 961 $aAcquisto: Distributore 996 $6020$a88-263-1157-9$9(OLS)http://semarc/number/34207 996 $6245$aQoèlet$9(OLS)http://semarc/title/91312 996 $6260$aRoma :$bBorla$9(OLS)http://semarc/publisher/29677